| 000 | 00501nam a22001697a 4500 | ||
|---|---|---|---|
| 003 | OSt | ||
| 005 | 20251010142926.0 | ||
| 008 | 251010b |||||||| |||| 00| 0 eng d | ||
| 020 | _a9781032013213 | ||
| 040 | _ckul | ||
| 082 | _a571.682 GEI.P | ||
| 084 | _2Colon Classification | ||
| 245 |
_aPlant Cell walls : _bResearch milestones and conceptual insights / |
||
| 260 |
_aBoca Raton : _bCRC Press - Taylor and Francis group , _cc2024. |
||
| 700 |
_4Editor _aGeitmann, Anja _92843 |
||
| 942 |
_2ddc _cBK |
||
| 999 |
_c752193 _d752193 |
||